A dolgozók elégedettsége a NISZ Zrt. Kormányzati Ügyfélvonal Igazgatóságán

Bibliographic Details
Main Author: Bindics Klaudia
Other Authors: Miskolczi Tibor András
Format: Thesis
Kulcsszavak:NISZ Zrt.
Kormányzati Ügyfélvonal
Dolgozói elégedettség
Online Access:http://dolgozattar.uni-bge.hu/12986

MARC

LEADER 00000nta a2200000 i 4500
001 dolg12986
005 20251231060012.0
008 171129suuuu hu om 000 hun d
040 |a BGE Dolgozattár Repozitórium  |b hun 
041 |a hu 
100 1 |a Bindics Klaudia 
245 1 2 |a A dolgozók elégedettsége a NISZ Zrt. Kormányzati Ügyfélvonal Igazgatóságán  |c Bindics Klaudia  |h [elektronikus dokumentum] 
246 1 1 |a A dolgozók elégedettsége a NISZ Zrt. Kormányzati Ügyfélvonal Igazgatóságán 
695 |a NISZ Zrt. 
695 |a Kormányzati Ügyfélvonal 
695 |a Dolgozói elégedettség 
700 1 |a Miskolczi Tibor András  |e ths 
856 4 0 |u http://dolgozattar.uni-bge.hu/12986/1/MLKC9C%20szakdolgozat%202017.pdf  |z Dokumentum-elérés